000 01070nam a2200205 i 4500
001 158085
003 ES-MaACL
005 20230906211013.0
008 000228s1865 sp |||| | spa d
080 _a94(460.187 Ciudad Rodrigo)
080 _a94(460.187 Ciudad Rodrigo)"1810"
100 1 _aLópez y Ramajo, Antonio María.
_9129246
245 1 0 _aReseña histórico-arqueológica de la antigua Mirabriga [sic] (Ciudad-Rodrigo) :
_bleída a la Real Academia Española Arqueológica y Geográfica del Príncipe Alfonso /
_cpor Antonio María López y Ramajo.
260 _aMadrid :
_b[s.n.],
_c1865 (
_fImp. de la Galeria Literaria a cargo de Castillo)
300 _a40 p. ;
_c20 cm.
651 4 _aCiudad Rodrigo-
_xHistoria.
_9163135
651 4 _aCiudad Rodrigo-
_xHistoria-
_y1810, Sitio.
_9173822
710 2 _aReal Academia Española de Arqueología y Geografía del Príncipe Alfonso.
_9134778
852 4 _aES-MaACL
_jT-74-F-11
_z- Enc. hol., falto de cub. original
_z- Enc. en un vol. facticio
_z- Ded. autógr. del autor al presidente del Ateneo de Madrid
999 _c158085
_d158085